កត្តាសំខាន់ៗជាមូលដ្ឋានគ្រឹះដែលមានឥទ្ធិពលលើដំណោះស្រាយបន្ទាន់ដើម្បីបង្កើនទិន្នផលស្រូវនៅកម្ពុជា (Record no. 262)

000 -LEADER
fixed length control field 00657nam a22001577a 4500
003 - CONTROL NUMBER IDENTIFIER
control field OSt
005 - DATE AND TIME OF LATEST TRANSACTION
control field 20150911100810.0
008 - FIXED-LENGTH DATA ELEMENTS--GENERAL INFORMATION
fixed length control field 150911b xxu||||| |||| 00| 0 eng d
040 ## - CATALOGING SOURCE
Transcribing agency RUA
082 ## - DEWEY DECIMAL CLASSIFICATION NUMBER
Classification number AGR គាម 1995 B014 Or.1
100 ## - MAIN ENTRY--PERSONAL NAME
9 (RLIN) 282
Personal name គាម​ មករាឌី
245 ## - TITLE STATEMENT
Title កត្តាសំខាន់ៗជាមូលដ្ឋានគ្រឹះដែលមានឥទ្ធិពលលើដំណោះស្រាយបន្ទាន់ដើម្បីបង្កើនទិន្នផលស្រូវនៅកម្ពុជា
260 ## - PUBLICATION, DISTRIBUTION, ETC. (IMPRINT)
Place of publication, distribution, etc. Phnom Penh
Name of publisher, distributor, etc. RUA
Date of publication, distribution, etc. 1995
300 ## - PHYSICAL DESCRIPTION
Extent 92p.
Other physical details ill.
Dimensions 29cm.
942 ## - ADDED ENTRY ELEMENTS (KOHA)
Source of classification or shelving scheme
Koha item type AGR
Holdings
Price effective from Date last seen Permanent Location Not for loan Date acquired Source of classification or shelving scheme Koha item type Lost status Withdrawn status Date last checked out Total Checkouts Shelving location Damaged status Barcode Current Location Full call number
2015-09-112015-09-11Library Block B 2015-09-11 AGR    B014 RUA003113Library Block BAGR គាម 1995 B014 Or.1
2015-09-112015-09-11Library Block B 2015-09-11 AGR    B014 RUA003041Library Block BAGR គាម 1995 B014 Or.2
2015-09-112015-09-11Library Block B 2015-09-11 AGR    B014 RUA003095Library Block BAGR គាម 1995 B014 Or.3
2015-09-112015-09-11Library Block B 2015-09-11 AGR    B014 RUA003023Library Block BAGR គាម 1995 B014 Or.4
2015-09-112015-09-11Library Block B 2015-09-11 AGR    B014 RUA003167Library Block BAGR គាម 1995 B014 Or.5
2015-09-112025-03-26Library Block B 2015-09-11 AGR  2025-03-121B014 RUA003239Library Block BAGR គាម 1995 B014 Or.6
2015-09-112015-09-11Library Block B 2015-09-11 AGR    B014 RUA003151Library Block BAGR គាម 1995 B014 Or.7
2015-09-112015-09-11Library Block B 2015-09-11 AGR    B014 RUA006510Library Block BAGR គាម 1995 B014 Or.8
2015-09-112015-09-11Library Block B 2015-09-11 AGR    B014 RUA003007Library Block BAGR គាម 1995 B014 Or.9
2015-09-112015-09-11Library Block B 2015-09-11 AGR    B014 RUA006509Library Block BAGR គាម 1995 B014 Or.10
មជ្ឈមណ្ឌលឯការនៃសាកលវិទ្យាល័យភូមិន្ទកសិកម្មចំការដូង

Powered by Koha